书目信息 |
| 书名: | International economics | |
| 作者: | Steven Husted, Michael Melvin. | |
| 分册号: | ||
| 分册名: | 出版地: | New York, NY : |
|
| 出版社: | HarperCollins College Publishers | |
| 出版时间: | c1995. | |
| 页数: | xvi, 544 p. : | |
| 开本: | 25 cm. | |
| 丛书名: | The HarperCollins series in economics | |
| 中图分类号: | ||
| 科图分类号: | ||
| 其他分类号: | F110 | |
| 主题词: | ||
| 电子资源: | ||
| 000 | 01194pam a2200349 a 450 | |
| 001 | E0753479105 | |
| 005 | 20070429145252.68 | |
| 008 | 940810s1995 nyua b 001 0 eng | |
| 010 | @a94033891 | |
| 020 | @a067399208X. | |
| 035 | @A(DLC) 94033891 | |
| 040 | @aDLC@cDLC@dDLC | |
| 043 | @an-us--- | |
| 050 | 00 | @aHF1359@b.H87 1995 |
| 082 | 00 | @a337@2 20 |
| 090 | @aF110 | |
| 099 | @dF110@ex18=3 | |
| 100 | 1 | @aHusted, Steven L. |
| 245 | 10 | @aInternational economics / @cSteven Husted, Michael Melvin. |
| 250 | @a3rd ed. | |
| 260 | @aNew York, NY :@bHarperCollins College Publishers,@cc1995. | |
| 300 | @axvi, 544 p. :@bcol. ill. ;@c25 cm. | |
| 440 | 4 | @aThe HarperCollins series in economics |
| 504 | @aIncludes bibliographical references and index. | |
| 650 | 0 | @aCommercial policy. |
| 650 | 0 | @aInternational economic relations. |
| 650 | 0 | @aFinance. |
| 651 | 0 | @aUnited States@xCommercial policy. |
| 700 | 1 | @aMelvin, Michael,@d1948- |
| 906 | @a7@bcbc@corignew@d1@eocip@f19@gy-gencatlg | |
| 955 | @apc18 to sa00 08-10-94; sd08-11-94; sd05 8-11-94;sd06 08-11-94; CIP ver. sf02 05-30-95 | |
| 991 | @bc-GenColl@hHF1359@i.H87 1995@p0001144362A@tCopy 1@wBOOKS | |
| International economics / / Steven Husted, Michael Melvin.-3rd ed.-New York, NY : : HarperCollins College Publishers, , c1995. |
| xvi, 544 p. : : col. ill. ; ; 25 cm.- (The HarperCollins series in economics ) |
| Includes bibliographical references and index. |
| ISBN 067399208X. |
| ● |
| 相关链接 |
|
|
|
|
正题名:International economics
索取号:F110/x18=3
 
预约/预借
| 序号 | 登录号 | 条形码 | 馆藏地/架位号 | 状态 | 备注 |
| 1 | 6152 | 300061527 | 第二样本阅览室/ [索取号:F110/x18=3] | 在馆 | |
| 2 | 6523 | 300065239 | 第四借阅区/ [索取号:F110/x18=3] | 在馆 | |
| 3 | 6524 | 300065248 | 第四借阅区/ [索取号:F110/x18=3] | 在馆 | |
| 4 | 6525 | 300065257 | 密集书库/ [索取号:F110/x18=3] | 在馆 | |
| 5 | 6526 | 300065266 | 密集书库/ [索取号:F110/x18=3] | 在馆 |